|
|
|
|
| LEADER |
00000nam a22000007a 4500 |
| 005 |
2022042808288.0 |
| 007 |
cr|||| |||| |
| 008 |
220428s2020 es |||||s|||| 00||0 spa d |
| 020 |
|
|
|a 9788412252712
|
| 035 |
|
|
|a 35591
|
| 040 |
|
|
|a vLex
|
| 090 |
|
|
|c 13252
|d 13252
|
| 100 |
1 |
|
|a Ramr̕ez Nr̀diz, Alfredo
|
| 245 |
1 |
0 |
|a Anl̀isis y reflexiones sobre el COVID-19
|h [Recurso electrn̤ico] :
|b Pandemia y Postpandemia /
|c Alfredo Ramr̕ez Nr̀diz, Alexander Gonzl̀ez Garca̕
|
| 256 |
|
|
|a Servicio en ln̕ea
|
| 260 |
|
|
|a Barcelona:
|b J.M. Bosch Editor,
|c 2020
|
| 300 |
|
|
|a 1 recurso electrn̤ico
|
| 500 |
|
|
|a La presente obra es el resultado del trabajo coordinado de un grupo de profesores universitarios de Derecho, Filosofa̕, Economa̕, Historia y Educacin̤ cuyo objeto es aportar una visin̤ de conjunto sobre los efectos y consecuencias de la pandemia del Covid-19 en las sociedades contemporǹeas. Desde el pluralismo ideolg̤ico y aportando distintos enfoques poseedores todos ellos de un comn︢ afǹ de coherencia acadm̌ica e intelectual, los autores ofrecen diferentes aproximaciones a la crisis vr̕ica iniciada en 2020 para tratar de entenderla de un modo pleno, no desde una n︢ica r̀ea del saber, sino simultǹeamente desde varias de ellas, consiguiendo as ̕un resultado completo y complejo que necesariamente nace para constituirse en referencia y valor tanto para los acadm̌icos y profesionales, como para los estudiantes universitarios y el pb︢lico en general.
|
| 506 |
1 |
|
|a Disponible solo en los productos indicados
|d vLex Global
|d vLex Global (Academic Edition, excluding Law Schools)
|d vLex Global (U.S. Academic Edition, Law Schools)
|d vLex Global (U.S. Academic Edition, excluding Law Schools)
|d vLex Global (Academic Edition, Law Schools)
|
| 650 |
0 |
4 |
|a Derecho Laboral y Seguridad Social
|z Espaą
|
| 650 |
0 |
4 |
|a Educacin̤
|z Espaą
|
| 650 |
0 |
4 |
|a Derecho Militar
|z Espaą
|
| 700 |
1 |
|
|a Gonzl̀ez Garca̕, Alexander
|
| 740 |
0 |
|
|a vLex Libros (Servicio en ln̕ea)
|
| 856 |
4 |
0 |
|u https://app.vlex.com/#/sources/35591
|z Acceso restringido
|
| 942 |
|
|
|c BOOK
|
| 999 |
0 |
|
|a Labor Law and Social Security
|
| 999 |
0 |
|
|a Education
|
| 999 |
0 |
|
|a Military Law
|